000 00785nam a2200217 a 4500
008 081027s2002 ||||||||||||||||| || u
020 _a0821353470
050 _aIBRD(08)TP
100 _aGambrill, Martin
245 1 0 _aBrazil: managing water quality: mainstreaming the environment in the water sector
260 _aWashington, D.C.
_bWorld Bank
_c2002
300 _aix, 57p.: ill.
350 _a0.00
490 _aWorld Bank Technical Papers
650 _aWATER QUALITY MANAGEMENT--BRAZIL
700 _aAzevedo, Luiz Gabriel T
700 _aMargulis, Sergio
700 _aHughes, Gordon
710 _aWorld Bank
995 _D0.00
_FCBU-MAIN LIBRARY (Kitwe)
_H1
_I0.00
_M532
_UAVAILABLE
_WOct 27, 2008
_ZInternational Publications
999 _c36102
_d36102